000 00347cam a2200145ua 4500
041 _aeng
_h
082 _a425
_bGLA/GR
100 _aGlassery, Stanley .
245 _aGround work at precies /
_cGlassery.
_hTextual Documents
260 _a :
_bClaredon press ,
_c1961.
300 _a158 ; .
504 _a
942 _cBK
999 _c12437
_d12437